LEADER 01490nam0-2200529-i-450 001 990009536460403321 005 20190408141856.0 010 $a978-1-4614-1938-9$bhardback 010 $a978-1-4614-1939-6 035 $a000953646 035 $aFED01000953646 035 $a(Aleph)000953646FED01 035 $a000953646 100 $a20120301d2012----km-y0itay50------ba 101 0 $aeng 102 $aUS 105 $aa---a---001yy 200 1 $aSpectra of graphs$fAndries E. Brower, Willem H. H. Haemers 210 $aNew York$cSpringer$d2012 215 $aXIII, 250 p.$cill.$d24 cm 225 1 $aUniversitext 610 0 $aCombinatorica algebrica 610 0 $aDisegni e configurazioni 610 0 $aTeoria dei grafi 610 0 $aCombinatorica estremale 610 0 $aGeometrie finite e strutture di incidenza speciali 610 0 $aTeoria dei codici a correzione di errori 610 0 $aCircuiti$aReti 676 $a511.6$v21$zita 700 1$aBrouwer,$bAndries E.$042266 701 1$aHaemers,$bWillem H.$0515498 801 0$aIT$bUNINA$gREICAT$2UNIMARC 901 $aBK 912 $a990009536460403321 952 $aC-6-(247$b25051$fMA1 952 $a114-C-68$bn. ingr. 58/2019$fMA1 952 $aST-86-02$bn. ingr. 57/2019$fMA1 959 $aMA1 962 $a05EXX 962 $a05BXX 962 $a05CXX 962 $a05DXX 962 $a51EXX 962 $a94BXX 962 $a94CXX 996 $aSpectra of graphs$9855239 997 $aUNINA LEADER 02983nam 2200421 450 001 9910671099503321 005 20230330073819.0 024 7 $a10.7476/9788595462861 035 $a(CKB)5860000000234047 035 $a(oapen)https://directory.doabooks.org/handle/20.500.12854/93572 035 $a(NjHacI)995860000000234047 035 $a(EXLCZ)995860000000234047 100 $a20230330d2018 uy 0 101 0 $aeng 135 $aurmn|---annan 181 $ctxt$2rdacontent 182 $cc$2rdamedia 183 $acr$2rdacarrier 200 10$aInside ticks $emorphophysiology, toxicology and therapeutic perspectives /$fMaria Izabel Camargo-Mathias 210 1$a[Place of publication not identified] :$cSciELO Books - Editora UNESP,$d2018. 215 $a1 electronic resource (199 p.) 311 $a85-9546-286-0 327 $aFront Matter / Elementos Pre?-textuais / Pa?ginas Iniciales -- Preface -- 1 - Microscopic techniques applied in tick research -- 2 - Ticks on the magnifying glass -- 3 - Defense and protection (integument) -- 4 - Salivary glands in Rhipicephalus sanguineus s. l. ticks: morphostructural complexity and functional diversity -- 5 - Tick feeding process (digestory system) -- 6 - Protecting the eggs (gene?'s organ) -- 7 - Generating new individuals I (female reproductive system) -- 8 - Generating new individuals II (male reproductive system) -- 9 - Ticks and environment (central nervous system) -- 10 - Controlling ticks (methods) -- 11 - Synthetic acaricides -- 12 - Natural acaricides -- 13 - A new view on the biosynthetic/ secretory plurality of the salivary glands: bioactive molecules in Rhipicephalus sanguineus s. l. Ticks -- References -- Index -- Contributors. 330 $aEscrito inteiramente em inglês, o presente livro foi concebido por especialistas em morfologia pertencentes à Central Brasileira de Estudos em Morfologia de Carrapatos (BCSTM) da Universidade Estadual Paulista, campus de Rio Claro (SP). O objetivo é esclarecer a morfo-histologia do carrapato, por meio de uma compilação de estudos sobre técnicas histológicas e histoquímicas; biologia, morfologia e taxonomia das principais espécies de carrapatos estudadas histologicamente; histologia de órgãos de carrapato, técnicas histológicas aplicadas para analisar os efeitos acaricidas em órgãos de carrapatos; e novas perspectivas sobre glândulas salivares de carrapatos para seleção de compostos com propriedades farmacológicas. Os capítulos são complementados por ilustrações. 517 $aInside ticks 606 $aHistology$xTechnique 606 $aBiology, life sciences$2bicssc 610 $aBiology, life sciences 615 0$aHistology$xTechnique. 615 7$aBiology, life sciences. 676 $a578.9 700 $aCamargo-Mathias$b Maria Izabel$01346499 801 0$bNjHacI 801 1$bNjHacl 906 $aBOOK 912 $a9910671099503321 996 $aInside ticks$93074995 997 $aUNINA